000 00382nam a2200157Ia 4500
008 230711s9999||||xx |||||||||||||| ||und||
041 _aENG
082 _a530
_bGV-E
100 _aGupta,Navneet
245 0 _aFundamentals of engineering Physics
250 _a4th Ed.
260 _c2012
_aNew Delhi
_bDhanpat Rai & Co.(Pvt.)Ltd.
300 _a489
650 _aPhysics
942 _cBK
999 _c5621
_d5621